| 000 | 01165nam a2200253Ia 4500 | ||
|---|---|---|---|
| 999 |
_c52967 _d52967 |
||
| 001 | 19998 | ||
| 003 | GE_BSU | ||
| 005 | 20200527224638.0 | ||
| 008 | 181216s1990||||ge |||||||||||||| ||geo|| | ||
| 040 | _cGE_BSU | ||
| 041 | _ageo | ||
| 080 | _a811.353.1-825=512.161 ლ-34 | ||
| 100 |
_aლებანიძე, იოსებ _98251 |
||
| 245 |
_aქართულ-თურქული სასაუბრო / _cიოსებ ლებანიძე, ნიკო ბარამიძე ; რედ. იბრაიმ გორაძე ; მხატვ. ა.ლომაძე. |
||
| 264 |
_aბათუმი : _bჟურნალ ჭოროხის გამოცემა, _c1990. |
||
| 300 |
_a110 გვ. ; _c19 სმ. |
||
| 541 | _h10ლ. | ||
| 653 | _aსასაუბრო | ||
| 653 | _aქართულ-თურქული სასაუბროები | ||
| 700 |
_aბარამიძე, ნიკო _eავტორი _98252 |
||
| 700 |
_aგორაძე, იბრაიმ _eრედაქტორი _98253 |
||
| 700 |
_aლომაძე, ა. _eმხატვარი _9323 |
||
| 942 |
_cBK _2udc |
||